000 00814nac a22002291u 4500
008 100907t1996 nyj|||||r|||| 001 0 eng d
010 _a95033165
020 _a0130595772
020 _a9780130595775
082 0 0 _a624.1821
_bGAL
_222
100 _aGalambos, T. V.
_918649
245 1 0 _aBasic Steel Design with LRFD /
_cTheodore V. Galambos, F.J. Lin, Bruce G. Johnston.
260 _aUpper Saddle River, N.J. :
_bPrentice Hall,
_cc1996.
300 _axvi, 320 p. :
_bill. ;
_c24 cm.
504 _aIncludes bibliographical references and index.
650 0 _aBuilding, Iron and steel.
_918650
650 0 _aLoad factor design.
_918651
650 0 _aSteel, Structural.
_918652
700 1 _aLin, Fung-Jen.
_918653
700 1 _aJohnston, Bruce Gilbert,
_d1905-
_918654
942 _cBB
_k624.1821GAL
_2ddc
999 _c1589
_d1589